000 00260nam a2200121 i 4500
001 bg
245 0 _aProblemy teoreticeskoj fiziki.
260 _aMoskwa,
_c1972.
040 _cBPK
041 _apol
942 _cKS
008 s pl f |000 0 pol
999 _c15193
_d15193
856 _uhttp://koha.tu.koszalin.pl/cgi-bin/koha/opac-detail.pl?biblionumber=15193
_yKatalog online BPK